| 000 | 01589cam a2200277 i 4500 | ||
|---|---|---|---|
| 003 | SA-RiAUC | ||
| 005 | 20250526075136.0 | ||
| 008 | 250524s2000 ts g 00010 ara c | ||
| 040 |
_aSA-MaUQU _bara _cSA-RiAUC _erda |
||
| 043 | _aa-ts--- | ||
| 082 | 0 | 4 |
_a343.5350999 _qSA-RiAUC |
| 090 |
_a343.5350999 _b م هـ د |
||
| 100 | 1 |
_aالمهدي، نزيه محمد الصادق _eمؤلف. |
|
| 245 | 1 | 2 |
_aالحماية المدنية لبرامج الكمبيوتر في القوانين الوضعية / _cنزيه محمد الصادق المهدي. |
| 264 | 1 |
_aالعين، الإمارات العربية المتحدة : _bجامعة الإمارات العربية المتحدة، _c2000 |
|
| 300 |
_a[متعدد الترقيم] ؛ _c26 سم |
||
| 336 |
_aنص _btxt _2rdacontent _3كتاب |
||
| 337 |
_aبدون وسيط _bn _2rdamedia |
||
| 338 |
_aمجلد _bnc _2rdacarrier |
||
| 500 | _aبحث مقدم إلى مؤتمر القانون والكمبيوتر والإنترنت الذي نظمته كلية الشريعة والقانون بجامعة الإمارات العربية المتحدة. | ||
| 650 | 7 |
_aالجرائم الحاسوبية _zالإمارات العربية المتحدة _2aucsh |
|
| 650 | 7 |
_aالحاسبات الإلكترونية _xقوانين وتشريعات _zالإمارات العربية المتحدة _2aucsh |
|
| 711 | 2 |
_aمؤتمر القانون والكمبيوتر والإنترنت _d(2000 : _cالعين، الإمارات العربية المتحدة) |
|
| 942 |
_2ddc _cBOOK _n0 |
||
| 949 |
_aSA-JeALM _d250524 _umohamedma123 _n1 |
||
| 999 |
_c8384 _d8384 |
||